Economic doctrines of Islam : (Record no. 12462)
[ view plain ]
| 000 -LEADER | |
|---|---|
| fixed length control field | 01115nam a2200301 a 4500 |
| 001 - CONTROL NUMBER | |
| JCCL Control Number | 12462 |
| 003 - CONTROL NUMBER IDENTIFIER | |
| JCCL marc code | BD-JhCC |
| 005 - DATE AND TIME OF LATEST TRANSACTION | |
| control field | 20220518134021.0 |
| 008 - FIXED-LENGTH DATA ELEMENTS--GENERAL INFORMATION | |
| fixed length control field | 220226s1996 vau b 001 0 eng |
| 020 ## - INTERNATIONAL STANDARD BOOK NUMBER | |
| International Standard Book Number | 1565642171 |
| 020 ## - INTERNATIONAL STANDARD BOOK NUMBER | |
| International Standard Book Number | 156564218X (pbk.) |
| 035 ## - SYSTEM CONTROL NUMBER | |
| system control number | (BD-JhCC)12462 |
| 040 ## - CATALOGING SOURCE | |
| Original cataloging agency | DLC |
| Transcribing agency | DLC |
| Modifying agency | DLC |
| -- | BD-JhCC |
| 041 ## - LANGUAGE CODE | |
| Language code of Book | eng |
| 050 00 - LIBRARY OF CONGRESS CALL NUMBER | |
| Classification number | BP173.75 |
| Item number | .H364 1996 |
| 082 00 - DEWEY DECIMAL CLASSIFICATION NUMBER | |
| Classification number | 297.19785 |
| DDC Edition number | 20 |
| Author mark and Year | HAQ 1995 |
| 100 1# - MAIN ENTRY--PERSONAL NAME | |
| Personal name | Haq, Irfan ul. |
| 245 10 - TITLE STATEMENT | |
| Title | Economic doctrines of Islam : |
| Remainder of title | a study in the doctrines of Islam and their implications for poverty, employment, and economic growth / |
| Statement of responsibility, etc | Irfan ul Haq. |
| 260 ## - PUBLICATION, DISTRIBUTION, ETC. (IMPRINT) | |
| Place of publication, distribution, etc | Herndon, Va. : |
| Name of publisher, distributor, etc | International Institute of Islamic Thought, |
| Date of publication, distribution, etc | 1996. |
| 300 ## - PHYSICAL DESCRIPTION | |
| Pagination | xiv, 293 p. ; |
| Dimensions | 23 cm. |
| 440 #0 - | |
| Title | Islamization of economics |
| 490 1# - SERIES STATEMENT | |
| Series statement | Academic dissertations ; |
| Volume number/sequential designation | 3 |
| 500 ## - GENERAL NOTE | |
| General note | Originally presented as the author's thesis (Ph. D.)--University of California, Davis, 1992. |
| 504 ## - BIBLIOGRAPHY, ETC. NOTE | |
| Bibliography, etc | Includes bibliographical references (p. 257-265) and indexes. |
| 650 #0 - SUBJECT ADDED ENTRY--TOPICAL TERM | |
| Topical term or geographic name as entry element | Economics |
| General subdivision | Religious aspects |
| -- | Islam. |
| 650 #0 - SUBJECT ADDED ENTRY--TOPICAL TERM | |
| Topical term or geographic name as entry element | Islam |
| General subdivision | Economic aspects. |
| 942 ## - ADDED ENTRY ELEMENTS (KOHA) | |
| Source of classification or shelving scheme | Dewey Decimal Classification |
| Koha item type | Books |
| Koha issues (borrowed), all copies | 1 |
| Source of classification or shelving scheme | Damaged status | Not for loan | Home library | Current library | Shelving location | Date of accession | Cost, normal purchase price | Total Checkouts | Full call number | Barcode | Date last seen | Date checked out | Copy number | Koha item type |
|---|---|---|---|---|---|---|---|---|---|---|---|---|---|---|
| Dewey Decimal Classification | JCC Rouf Library | JCC Rouf Library | General Stacks | 06/01/2021 | 450.00 | 1 | 297.19785 HAQ 1995 | 16717 | 07/26/2022 | 05/17/2022 | C-1 | Books |